Statistics for U.S. States with the highest gas prices

Click here to take the quiz!

General Stats

  • This quiz has been taken 24 times
    (20 since last reset)
  • The average score is 13 of 15

Answer Stats

#PriceState% Correct
1$4.39California
100%
7$3.74Oregon
100%
4$3.86Washington
100%
2$4.07Hawaii
95%
8$3.70Alaska
90%
13$3.33Montana
90%
15$3.23New Jersey
90%
14$3.28New York
90%
6$3.76Idaho
85%
3$3.93Nevada
85%
10$3.54Wyoming
85%
9$3.56Colorado
80%
12$3.34Pennsylvania
80%
11$3.37Illinois
75%
5$3.76Utah
75%

Score Distribution

Percentile by Number Answered

Percent of People with Each Score

Your Score History

You have not taken this quiz since the last reset